000
00339 a2200157 4500
001
59829
020
_a
3907055446
040
_c
Anchieta - Pituba
100
_a
Balzer, Jens
240
1
0
_a
Salut, deleuze !
_l
por
245
1
0
_a
Salut, deleuze !
300
_a
49
362
0
_a
2000
650
4
_a
Literatura juvenil em alemão
942
_c
BK
999
_c
59829
_d
59829